Prioritu EÚ týkajúcu sa podpory vidieckeho hospodárstva založeného na znalostiach ovplyvňuje nedostatočné riadenie opatrení v oblasti prenosu znalostí a poradenstva osobitná správa č. 12 : (podľa druhého pododseku článku 287 ods. 4 ZFEÚ)

Guardado en:
Detalles Bibliográficos
Autor Corporativo: European Court of Auditors
Formato: Libro
Lenguaje:eslovaco
Publicado: Luxemburg Úrad pre vydávanie publikácií Európskej únie 2015
Materias:
Etiquetas: Agregar Etiqueta
Sin Etiquetas, Sea el primero en etiquetar este registro!

MARC

LEADER 00000nam a2200000 4500
001 0210826
005 20240318125758.5
020 |a 978-92-872-2961-8 
022 |a 1831-0931 
041 0 |a slo 
044 |a LU 
245 1 0 |a Prioritu EÚ týkajúcu sa podpory vidieckeho hospodárstva založeného na znalostiach ovplyvňuje nedostatočné riadenie opatrení v oblasti prenosu znalostí a poradenstva  |b osobitná správa č. 12 : (podľa druhého pododseku článku 287 ods. 4 ZFEÚ) 
264 1 |a Luxemburg  |b Úrad pre vydávanie publikácií Európskej únie  |c 2015 
300 |a 60 s. 
610 2 0 |a audit 
610 2 0 |a revízia 
610 2 0 |a vidiek 
610 2 0 |a rozvoj vidieka 
610 2 0 |a Európska únia 
710 2 |a European Court of Auditors